000 00285nam a22001217a 4500
008 230502b |||||||| |||| 00| 0 eng d
100 _aD. N. Mathur
245 _aInterpretation of Statutes
260 _aAllahabad
_bCLP
_c2008
300 _a376
546 _aEnglish
942 _2ddc
_cBK
999 _c19967
_d19967